THE ENCYCLOPEDIA OF MINERALOGY (Record no. 212327)

MARC details
000 -LEADER
fixed length control field 00437nam a22001577a 4500
008 - FIXED-LENGTH DATA ELEMENTS--GENERAL INFORMATION
fixed length control field 240917b |||||||| |||| 00| 0 eng d
020 ## - INTERNATIONAL STANDARD BOOK NUMBER
International Standard Book Number 0879331844
050 ## - LIBRARY OF CONGRESS CALL NUMBER
Classification number REF QE 355.E49 1981
100 ## - MAIN ENTRY--PERSONAL NAME
Personal name FRYE KEITH
245 ## - TITLE STATEMENT
Title THE ENCYCLOPEDIA OF MINERALOGY
260 ## - PUBLICATION, DISTRIBUTION, ETC.
Place of publication, distribution, etc. PENNYSYLVANIA
Name of publisher, distributor, etc. HUTCHINSON ROSS PUBLISHING COMPANY
Date of publication, distribution, etc. 1981
300 ## - PHYSICAL DESCRIPTION
Extent X,794
650 ## - SUBJECT ADDED ENTRY
Topical term or geographic name entry element Mineralogy--Dictionaries.
942 ## - ADDED ENTRY ELEMENTS (KOHA)
Source of classification or shelving scheme Library of Congress Classification
Koha item type Reference

No items available.